LEADER 00978nam a22002411i 4500 001 991002863819707536 005 20030813114528.0 008 030925s1921 it |||||||||||||||||ita 035 $ab12347681-39ule_inst 035 $aARCHE-039522$9ExL 040 $aBiblioteca Interfacoltà$bita$cA.t.i. Arché s.c.r.l. Pandora Sicilia s.r.l. 082 04$a726.5094 100 1 $aMaggiulli, Pasquale$037876 245 13$aLa basilichetta bizantina di S. Salvatore in Giurdignano /$cP. Maggiulli 260 $aMatino :$btip. Donato Siena,$c1921 300 $a1 v. ;$c21 cm 650 4$aGiurdignano$xBasilica di San Salvatore 907 $a.b12347681$b02-04-14$c08-10-03 912 $a991002863819707536 945 $aLE002 Busta A 76/8 (Fondo Guerrieri)$g1$i2002000111142$lle002$o-$pE0.00$q-$rn$so $t0$u0$v0$w0$x0$y.i12751236$z08-10-03 996 $aBasilichetta bizantina di S. Salvatore in Giurdignano$9159400 997 $aUNISALENTO 998 $ale002$b08-10-03$cm$da $e-$fita$git $h3$i1 LEADER 01982nam 2200601 a 450 001 9910954061803321 005 20250416110055.0 010 $a9781607805199 010 $a1607805197 035 $a(CKB)2560000000010489 035 $a(EBL)535806 035 $a(OCoLC)645094170 035 $a(SSID)ssj0000672577 035 $a(PQKBManifestationID)11402559 035 $a(PQKBTitleCode)TC0000672577 035 $a(PQKBWorkID)10636471 035 $a(PQKB)11526183 035 $a(OCoLC)712989996 035 $a(MiAaPQ)EBC535806 035 $a(Au-PeEL)EBL535806 035 $a(CaPaEBR)ebr10389241 035 $a(FR-PaCSA)45005030 035 $a(FRCYB45005030)45005030 035 $a(EXLCZ)992560000000010489 100 $a20150403h20101993 uy 0 101 0 $aeng 135 $aur|n|---||||| 181 $ctxt 182 $cc 183 $acr 200 10$aEstonia $ecommunications /$fWorld Trade Press 205 $a2nd ed. 210 $aPetaluma, Calif. $cWorld Trade Press$dc1993-2010 [2010] 215 $a1 online resource (23 p.) 300 $aCover title. 330 $aGet all three comprehensive reports bundled into one for a complete media and communications profile of Estonia. An excellent source of practical information, this profile offers an extensive dialing guide with city codes, a listing of ISPs and Internet cafes, profiles of the major media outlets (with contact info!) and more. 606 $aCommunication$zEstonia 606 $aCommunication and traffic$zEstonia 606 $aTelecommunication$zEstonia 606 $aMobile communication systems$zEstonia 615 0$aCommunication 615 0$aCommunication and traffic 615 0$aTelecommunication 615 0$aMobile communication systems 676 $a384.3 676 $a658.45025 801 0$bMiAaPQ 801 1$bMiAaPQ 801 2$bMiAaPQ 906 $aBOOK 912 $a9910954061803321 996 $aEstonia$91324965 997 $aUNINA LEADER 01533nas 2200457-a 450 001 9910893088503321 005 20260218111902.0 011 $a2354-8509 035 $a(DE-599)ZDB2591637-3 035 $a(CKB)991042728076218 035 $a(CONSER)--2002220066 035 $a(DE-599)2591637-3 035 $a(EXLCZ)99991042728076218 100 $a20020128a20009999 -a- - 101 0 $aeng 181 $ctxt$2rdacontent 182 $cc$2rdamedia 183 $acr$2rdacarrier 200 00$aIndonesian journal of agricultural science /$fAgency for Agricultural Research and Development 210 $aJakarta, Indonesia $cAgency for Agricultural Research and Development$dc2000- 215 $a1 online resource 300 $aRefereed/Peer-reviewed 300 $aTitle from cover. 311 08$aPrint version: Indonesian journal of agricultural science / 1411-982X (DLC) 2002220066 (OCoLC)48879475 517 3 $aAgricultural science 517 1 $aIJAS 531 $aINDONES J AGRIC SCI 531 0 $aIndones. J. Agric. Sci. 606 $aAgriculture$zIndonesia$vPeriodicals 606 $aAgriculture$2fast$3(OCoLC)fst00801355 607 $aIndonesia$2fast 608 $aPeriodicals.$2fast 615 0$aAgriculture 615 7$aAgriculture. 676 $a630.9598 712 02$aIndonesia.$bBadan Penelitian dan Pengembangan Pertanian. 906 $aJOURNAL 912 $a9910893088503321 920 $aexl_impl conversion 996 $aIndonesian journal of agricultural science$9793204 997 $aUNINA